|
|
|
|
| LEADER |
00000nam0a2200000 4500 |
| 001 |
292306 |
| 005 |
20231102000500.0 |
| 035 |
|
|
|a (RuTPU)RU\TPU\book\316921
|
| 090 |
|
|
|a 292306
|
| 100 |
|
|
|a 20150421d1962 k y0rusy50 ca
|
| 101 |
0 |
|
|a rus
|
| 102 |
|
|
|a RU
|
| 105 |
|
|
|a a z 001zy
|
| 200 |
1 |
|
|a Прочность элементов паровых турбин
|f Л. А. Шубенко-Шубина [и др.]
|g под ред. Л. А. Шубенко-Шубина
|
| 210 |
|
|
|a Москва
|c Машгиз
|d 1962
|
| 215 |
|
|
|a 567 с.
|c ил.
|
| 320 |
|
|
|a Библиогр.: с. 558-564.
|
| 606 |
1 |
|
|a Паровые турбины
|x Надежность
|2 stltpush
|3 (RuTPU)RU\TPU\subj\48251
|9 67128
|
| 610 |
1 |
|
|a прочность
|
| 610 |
1 |
|
|a детали
|
| 610 |
1 |
|
|a допустимые напряжения
|
| 610 |
1 |
|
|a расчеты на прочность
|
| 610 |
1 |
|
|a рабочие лопатки
|
| 610 |
1 |
|
|a вибрации
|
| 610 |
1 |
|
|a валы
|
| 610 |
1 |
|
|a сопловые аппараты
|
| 610 |
1 |
|
|a корпуса
|
| 675 |
|
|
|a 621.165.004
|v 3
|
| 701 |
|
1 |
|a Шубенко-Шубина
|b Л. А.
|g Леонид Александрович
|
| 701 |
|
1 |
|a Гернер
|b Д. М.
|g Давид Михайлович
|
| 701 |
|
1 |
|a Зельдес
|b Н. Я.
|g Натан Яковлевич
|
| 701 |
|
1 |
|a Ингульцов
|b В. Л.
|g Вилор Львович
|
| 701 |
|
1 |
|a Коган
|b В. З.
|
| 702 |
|
1 |
|a Шубенко-Шубин
|b Л. А.
|g Леонид Александрович
|4 340
|
| 801 |
|
1 |
|a RU
|b 63413507
|c 20150421
|
| 801 |
|
2 |
|a RU
|b 63413507
|c 20200127
|g RCR
|
| 942 |
|
|
|c BK
|